Quizzes
Events
Quiz Creation
Community
Videos
Private Events
Remove Ads
Sign In
Join for FREE
Feedback
Dark Mode
Quiz Categories
Sports
Geography
Music
Movies
Television
Just For Fun
Miscellaneous
History
Literature
Language
Science
Gaming
Entertainment
Religion
Holiday
For Kids
Quiz Lab
Recent
Popular Today
Quiz Kudos Today
Editor Picks
Curator Picks
Quizzes by...
Day
Popularity
Type
Ratings
Length
Year
Community
Subscriptions
Recent Discussions
Orange Saloon
Badges
Playlists
Quests
Create
Leaderboards
Showdown
Live 5
Trivia Bingo
Activity
Puzzle Library
Sporcle Events
Private Events
Virtual Trivia
Globe League
Become a Host
Pub Owners
SporcleCon
Opinionation
Our Games
Videos
Blog
Mobile Apps
Partnerships
Remove Ads and Go Orange
Feedback
Entertainment
Celebrity
Famous
Musical
Broadway
Show
Quote
Comic Books
Anime
Superhero
DC Comics
Marvel
Cartoons
Animation
Entertainment
Celebrity
Famous
Musical
Broadway
Show
Quote
Comic Books
Anime
Superhero
DC Comics
Marvel
Cartoons
Animation
Random Quiz
Search Sporcle
×
Quiz Lab
Quiz Lab
Entertainment
Funny
Type in answers that appear in a list
Type in answers that appear in a list
Classic
Best Score? Go Orange.
Top 25 Balloon Shop Shorts Stats
Can you name the 25 most viewed* videos of YouTube's Balloon Shop?
By
Dentarthurdent
5m
25 Questions
36 Plays
36 Plays
36 Plays
Comments
Comments
Give Quiz Kudos
Give Quiz Kudos
-
- Ratings
hide this ad
More Info
Replay
Link that replays current quiz
Next Quiz
Link to next quiz in quiz playlist
You Got
0%
They Got
Avg Score
40%
Avg Friend Score
Upgrade to see
Score Distribution
Jump to the score distribution portion of the page
Score
0/25
Timer
05:00
0
Plays Today
Number of Views
Video
% Correct
1,539,179
I'm Enjoying a Treat, Derrick!
61.1%
1,203,173
I'm Quite Peeved
61.1%
1,520,353
Hey Ben
58.3%
861,527
Oreo
58.3%
1,713,645
Take It to the Next Level
52.8%
960,654
Hot Pepper
52.8%
1,132,353
I'm Listening to My Radio, Derrick
50%
1,074,005
Not Right Now, Derrick
50%
531,320
Whips
47.2%
393,182
Serenade
44.4%
868,155
Poptart
41.7%
380,179
Water Dump
41.7%
360,313
Bernstein's Diet Pills
41.7%
Number of Views
Video
% Correct
621,326
Jellybeans
38.9%
811,923
KRAFT - Have A Happy Sandwich
36.1%
809,302
Panda
36.1%
713,450
Pump It Up! Burn It Up! Dance Contest
36.1%
1,034,340
Halo 3: I Am the Master Chief
33.3%
783,949
Snack Pack
30.6%
382,957
Egg Nog
30.6%
598,936
Shake
25%
548,939
My Last Coke
25%
383,040
Mitten
25%
381,974
Demon Voice
22.2%
548,737
Never Before Seen Mountain Dew Commercial
13.9%
Quiz Playlist
Details
Report
Send in Message
Add To Playlist
More Info:
*(As of 4/3/2011) Your hip hop reigns true.
Classic:
Type in answers that appear in a list
Last Updated: Feb 16, 2017
Quiz Scoreboard
CHALLENGE
Sign Up to Join the Scoreboard
Show All
Scores
Hide
Comments
May contain spoilers
Recently Published
An Introduction to Baseball
by treessimontrees
Sports
5m
Movies - When Are They Set?
by FPL_Elf
Movies
5m
Popular People in 1961
by mucciniale
History
6m
More to Explore
Quiz From the Vault
Featured Blog Post
Where Did the Easter Bunny Come From?
hide this ad
You Might Also Like...
Tags
Funny
Short Films
Youtube
Today's Top Quizzes in Entertainment
Browse Entertainment
hide this ad
Today's Top Quizzes in Funny
Browse Funny
Top Contributed Quizzes in Entertainment
1
Kamen Rider Motifs
2
Dragon Ball Z: Goku's Fights in Order
3
Dragon Ball Z: Mega Character Search
4
Marvel Characters Bunker
5
Criteria Quickie: Cartoon Taxonomy II
6
One Piece Arcs By Order III
7
Fictional Villains Letter U Blitz
8
Ana Gasteyer or Kathryn Hahn?
9
One Thing in Common: Fictional Characters
10
Dragon Ball Z: Super Saiyans in Order
Explore More
Trending Topics
NBA
Marvel
Kpop
Anime
Crossword
Harry Potter
Disney
Country
Song
Soccer
Puzzle
NFL
Pokémon
The Office
WWE
hide this ad
More By:
Dentarthurdent
Quiz
Plays
Rating
Category
Featured
Created
The Needle Drop: 2010 Loved List
121
5.00
Music
Apr 8, 2011
Top 25 Balloon Shop Shorts
36
5.00
Entertainment
Apr 3, 2011
Fantômas Songs!!
28
3.00
Music
Apr 11, 2011
Go to Creator's Profile
Score Distribution
Quiz Creator Spotlight
Dentarthurdent
Follow
Send a Message
Quizzes Created
-
Created Quiz Play Count
-
More By This Creator
Popular Quizzes Today
1
Find the Countries of Europe - No Outlines Minefield
2
Find the US States - No Outlines Minefield
3
The Countries of the World
4
Popular People in 1961
5
US States
6
1-10 Letter E Words III
7
Find the US States
8
One Thing in Common: World Cities II
More Entertainment Quizzes
Superhero Sadness
Editor's Pick
Trending Quizzes
Risky Map Clicking: Least Populous States A-Z
1-10 Letter F Words
1-10 Letter G Words
One Thing in Common: United Kingdom
Risky Map Clicking: Next State Alphabetically
Recently Updated
Leaping Animals
pecheneg
Reality TV Shows (A-Z)
bhenderson79
Rickey Henderson's Hall of Fame Teammates
pecheneg
Champions League XIs: Arsenal
pecheneg
Quick Pick: Celebrities in WWE's Hall of Fame
aduchscher
A-Z Keypad Blitz II
pecheneg
Multiple Oscar Actors
pecheneg
Mystery Phrase Blitz: Oscar 'Best Actors'
pecheneg
F. Scott Fitzgerald Novels
LTH
Pick 3 Villains
ddd62291
Trending Topics
Disney
Harry Potter
NBA
Anime
Crossword
Kpop
Marvel
The Office
Puzzle
Soccer
NFL
WWE
Pokémon
Country
Song
Your Account Isn't Verified!
In order to create a playlist on Sporcle, you need to verify the email address you used during registration. Go to your
Sporcle Settings
to finish the process.
Report this User
Report this user for behavior that violates our
Community Guidelines
.
Details:
Send Report
Go to the Sporcle.com Mobile Site →
Comments